Tous les rois et reines des cochons - Statistiques

Statistiques générales
  • Ce quiz a été pris 9 fois
  • Le résultat moyen est 6 sur 23
Statistiques - réponses
Indice Réponse % Correct
1802-1805 Lord Bacon
100%
1705-1800 Seigneur Grogneur
100%
210-1450 Lord Sanglor
50%
70-105 Maréchal Groin
50%
1940-1985 Pig
50%
+2023 PiggyPorky
50%
2000-2008 Porc
50%
0-35 P'tit Pig
50%
1800-1802 P'tit Pig II
50%
1985-2000 babe
0%
175-210 Cochonnet
0%
35-70 Jean porc
0%
1525-1600 Miss Peppa
0%
1850-1895 Piget
0%
1635-1670 Pigette
0%
2019-2023 Piggor
0%
1600-1635 Piglet
0%
105-175 Piglou
0%
1895-1940 Piglou II
0%
1670-1705 Pignome
0%
1805-1850 Porgroin
0%
1450-1525 P'tit Gruik
0%
2008-2019 Sanglinnouchet
0%
Aucun quiz correspondant
Distribution des résultats
% des personnes avec chaque résultat
Percentile par nombre de réponses
Votre historique - résultats
Vous n’avez pas pris ce quiz